000 00397nam a22001577a 4500
003 LK-CoDNM
005 20240814144535.0
008 240814b |||||||| |||| 00| 0 eng d
040 _aLK-CoDNM
_dLK-CoDNM
_eLK-CoDNM
080 _a9
_bI3
100 _a poole,stanley,lane
245 _aThe Coinage of Egypt - VOL 5
260 _bLondon
_c1880
300 _alii, 171p. : ill ; 23 cm
942 _cBK
999 _c147716
_d147716